Agrarian structure, technological change and poverty: microlevel evidence (Record no. 353054)

000 -LEADER
fixed length control field 00441cam a22001337a 4500
008 - FIXED-LENGTH DATA ELEMENTS--GENERAL INFORMATION
fixed length control field 180718b1985 xxu||||| |||| 00| 0 eng d
082 ## - DEWEY DECIMAL CLASSIFICATION NUMBER
Classification number Zx5441 Si64
100 ## - MAIN ENTRY--PERSONAL NAME
Personal name Singh, Bhanwar
245 ## - TITLE STATEMENT
Title Agrarian structure, technological change and poverty: microlevel evidence
Statement of responsibility, etc. by Bhanwar Singh
260 ## - PUBLICATION, DISTRIBUTION, ETC.
Place of publication, distribution, etc. New Delhi
Name of publisher, distributor, etc. Agricole
Date of publication, distribution, etc. 1985
300 ## - PHYSICAL DESCRIPTION
Extent 259p.
650 ## - SUBJECT ADDED ENTRY--TOPICAL TERM
Topical term or geographic name entry element Poverty - India - Gujarat
650 ## - SUBJECT ADDED ENTRY--TOPICAL TERM
Topical term or geographic name entry element Agricultural development - India - Gujarat
Holdings
Withdrawn status Lost status Damaged status Not for loan Permanent Location Current Location Date acquired Full call number Barcode Date last seen Price effective from Koha item type
        Indian Institute of Public Administration Indian Institute of Public Administration 1993-11-26 Zx5441 Si64 61372 2018-07-21 2018-07-21 Book

Powered by Koha